=LDR 00000nam 2200000 4500 =001 INLIS000000001052383 =005 20240828080500 =035 ##$$a 0010-0824000201 =007 ta =008 240828###########################0###### =020 ##$$a 978-623-8488-26-1 =082 ##$$a 639.4 =084 ##$$a 639.4 HUD a =100 #$$a Hudring =245 1#$$a Alat penangkapan ikan pukat labuh long bag set net / Hudring, Dian Sutono Hs, Dendi Haris, Kadi Istrianto ; Editor : Prof. Dr. Maman Hermawan, S.Pi., M.Sc. Dr. Suharyanto, S.Pi ; Penyunting : Randi Pratama Murtikusuma =260 ##$$a Praya :$b Pusat Pengembangan Pendidikan dan penelitian Indonesia,$c 2023 =300 ##$$a vii 74 Halaman ; $c 23 cm =500 ##$$a Biografi : Halaman 69 - 74 =504 ##$$a Bibliografi : Halaman 67 - 68 =600 #4$$a Ikan, Penangkapan =990 ##$$a 17761776 =990 ##$$a 008/53/2024